| 000 | 02119nam a2200397 c 4500 | ||
|---|---|---|---|
| 003 | BLK | ||
| 005 | 20180503142920.0 | ||
| 008 | 180413b bul|||||r ||||||| ||bul|| | ||
| 010 | _aKNG00021455000 | ||
| 020 |
_a954-494-253-Х _bиздат.: Унив. изд. Стопанство |
||
| 040 | _aBLK | ||
| 041 |
_aBUL _cBUL |
||
| 080 |
_aСоциална география. Икономическа география. География на туризма _b338:91 _x(075.8) _z338:91(075.8) |
||
| 100 | 1 |
_aКръстев, Кръстю Нинов _eпърви автор _9263710 |
|
| 700 | 1 |
_aЛозанов, Емил Крумов _9365382 |
|
| 700 | 1 |
_aДончев, Дончо Иванов _9365383 |
|
| 700 | 1 |
_aКаракашев, Христо Нейков _9365384 |
|
| 700 | 1 |
_aКарастоянов, Стефан Петров _9365385 |
|
| 700 | 1 |
_aДокова, Соня Петрова _gДокова-Живкова, Соня Петрова _9263711 |
|
| 139 |
_aГеоикономика _bГ 34 |
||
| 245 | 1 | 0 |
_aГеоикономика _bУчебник за студентите от ИУ _cКръстю Нинов Кръстев; Емил Крумов Лозанов; Дончо Иванов Дончев; Христо Нейков Каракашев; Стефан Петров Карастоянов; Соня Петрова Докова. |
| 257 | _aBGR | ||
| 260 |
_аСофия _bУнив. изд. Стопанство _c1997 |
||
| 300 |
_a252 с. _bс табл. _c24 см |
||
| 380 | _a91 | ||
| 500 | _aДруги авт. : Е. К. Лозанов, Д. Ив. Дончев, Хр. Н. Каракашев, Ст. П. Карастоянов, С. П. Докова. - Изд. на УНСС - София. - 1 000 тир. - Библиогр. с. 250-251. | ||
| 504 | _a250-251 | ||
| 650 | 4 |
_aИкономическа география - учебници за ВУЗ _9245059 |
|
| 653 | _aикономическа география | ||
| 653 | _aучебници за ВУЗ | ||
| 852 | _aЦб 193916 | ||
| 856 | 4 |
_qpdf _u |
|
| 856 | 4 |
_qpdf _u |
|
| 942 |
_cKNG _n0 _01 |
||
| 944 |
_aCR _c15.01.2003 _kАДМИНИСТРАТОР_НА_АБ |
||
| 944 |
_aED _c17.06.2004 _k |
||
| 999 |
_c19335 _d19335 |
||